1983 hits: fill in the lyrics - Statistics

General Stats
  • This quiz has been taken 102 times
  • The average score is 10 of 15
Answer Stats
Artist Lyrics Answer % Correct
The Police Every breath you take, and every move you make, every bond you break, every step you take, I’ll __ _______ ___. be watching you
99%
Toto I bless the rains down in ______. Gonna take some time to do the things we never had. Africa
96%
Bonnie Tyler Once upon a time, there was light in my life, but now there's only love in the dark. Nothing I can say, a total _______ __ ___ _____. eclipse of the heart
89%
Eurythmics Sweet dreams are made of this. Who am I to disagree? I travel the world and the seven seas. Everybody's _______ ___ _________. looking for something
86%
Prince So tonight I'm gonna party like it's ____. 1999
82%
Donna Summer She works ____ ___ ___ _____. So hard for it, honey. She works ____ ___ ___ _____. So you better treat her right. hard for the money
73%
Madness Our house, in the ______ __ ___ ______. middle of our street
66%
Thomas Dolby She blinded me with _______. Failed me in geometry science
63%
David Bowie Let’s dance. Put on your ___ _____ and dance the blues. red shoes
60%
Eddy Grant Who is to blame in one country? Never can get to the one. Dealin' in multiplication, and they still can't feed everyone. We gonna rock down to _______ _______. Electric Avenue
58%
Taco If you're blue, and you don't know where to go to, why don't you go where fashion sits? ______ __ ___ ____. puttin' on the Ritz
50%
After the Fire Don't turn around, wa-uh-oh (yeah-yeah). Der Kommissar's __ ____, wa-uh-oh. And if he talks to you and you don't know why, you say your life is gonna make you die. in town
43%
Don Henley I make my livin' off the evenin' news, just give me somethin', somethin' I can use. People love it when you lose. They love _____ _______. dirty laundry
39%
Golden Earring Help, I'm slipping into the ________ ____. Place is a madhouse, feels like being cloned. twilight zone
39%
Def Leppard I don't want your _________. I don't need your _________. All I've got is a _________. It's not enough. photograph
33%
No matching quizzes found
Score Distribution
Percent of People with Each Score
Percentile by Number Answered
Your Score History
You have not taken this quiz